书目信息 |
| 题名: |
3ds max 6完全使用手册
|
|
| 作者: | 张海力 , 徐进云 , 李铁 编著 | |
| 分册: | ||
| 出版信息: | 北京 电子工业出版社 2004.07 |
|
| 页数: | 19, 1462页 | |
| 开本: | 26cm | |
| 丛书名: | 精彩3D | |
| 单 册: | ||
| 中图分类: | TP391.41 , TP391.41-62 | |
| 科图分类: | ||
| 主题词: | 三维--动画--图形软件, 3DS MAX 6 , 三维 , 动画 | |
| 电子资源: | ||
| ISBN: | 7-121-00103-9 | |
| 000 | 00870nam2 2200301 45 | |
| 001 | 012004000000 | |
| 005 | 20050119095721.30 | |
| 010 | @a7-121-00103-9@dCNY 129.00 | |
| 100 | @a20040914d2004 em y0chiy0121 ea | |
| 101 | 0 | @achi |
| 102 | @aCN@b110000 | |
| 105 | @aak z 000yy | |
| 200 | 1 | @a3ds max 6完全使用手册@A3ds max 6 wan quan shi yong shou ce@f张海力, 徐进云, 李铁等编著 |
| 210 | @a北京@c电子工业出版社@d2004.07 | |
| 215 | @a19, 1462页@c图, 表格@d26cm | |
| 225 | 2 | @a精彩3D |
| 410 | 0 | @12001 @a精彩3D |
| 606 | 0 | @a三维@x动画@x图形软件, 3DS MAX 6 |
| 606 | 0 | @a三维 |
| 606 | 0 | @a动画 |
| 610 | 1 | @a3DS MAX 6 |
| 690 | @aTP391.41@v4 | |
| 690 | @aTP391.41-62@v3 | |
| 701 | 0 | @a张海力@Azhang hai li@4编著 |
| 701 | 0 | @a徐进云@Axu jin yun@4编著 |
| 701 | 0 | @a李铁@Ali tie@4编著 |
| 801 | 0 | @aCN@bQSSKxf@c20050119 |
| 905 | @a10447@dTP391.41-62@eZ110 | |
| 3ds max 6完全使用手册/张海力, 徐进云, 李铁等编著.-北京:电子工业出版社,2004.07 |
| 19, 1462页:图, 表格;26cm.-(精彩3D) |
| ISBN 7-121-00103-9:CNY 129.00 |
| ● |
| 相关链接 |
|
|
|
正题名:3ds max 6完全使用手册
索取号:TP391.41-62/Z110
 
预约/预借
| 序号 | 登录号 | 条形码 | 馆藏地/架位号 | 状态 | 备注 |
| 1 | 421718 | 204217187 | 自科二线504/504自科库 30排4列4层/ [索取号:TP391.41-62/Z110] | 在馆 | |
| 2 | 421719 | 204217196 | 自科二线504/504自科库 1排1列5层/ [索取号:TP391.41-62/Z110] | 在馆 | |
| 3 | 421720 | 204217203 | 自科库301/301自科库 103排1列2层/ [索取号:TP391.41-62/Z110] | 在馆 | |
| 4 | 439083 | 204390836 | 自科库301/301自科库 103排1列2层/ [索取号:TP391.41-62/Z110] | 在馆 | |
| 5 | 439084 | 204390845 | 自科二线504/504自科库 1排1列5层/ [索取号:TP391.41-62/Z110] | 在馆 |